3 Biggest cities by country #7 - Statistics

General Stats
  • This quiz has been taken 517 times
  • The average score is 15 of 24
Answer Stats
Chile % Correct
Prague
99%
Santiago
98%
Sofia
98%
Warsaw
97%
Zagreb
94%
Hanoi
93%
Ho Chi Minh City
92%
Karachi
87%
Krakow
86%
Lahore
77%
Yangoon
70%
Split
63%
Brno
58%
Lodz
55%
Naypyidaw
49%
Varna
41%
Valparaiso
40%
Plovdiv
36%
Mandalay
34%
Ostrava
32%
Faisalabad
31%
Rijeka
26%
Concepcion
16%
Hai Phong
14%
No matching quizzes found
Score Distribution
Percent of People with Each Score
Percentile by Number Answered
Your Score History
You have not taken this quiz